000 00291cam a2200133ua 4500
999 _c11325
_d11325
003 OSt
008 180820b ||||| |||| 00| 0 eng d
082 _a690
_bRAN/BU
100 _aRangwala, S C .
_93263
245 _aBuilding Construction
250 _a11 /
300 _a 750
942 _cBK